| 000 | 00421nam a22001457a 4500 | ||
|---|---|---|---|
| 082 |
_a624.15 _bJAC _cL-14, P-45 |
||
| 100 |
_aJacoby, Henry S. _942389 |
||
| 245 | _aFoundations for bridges and buildings. | ||
| 250 | _a3rd ed. | ||
| 260 |
_aNew York _bMcGraw-Hill Book Company, Inc. _c1941 |
||
| 300 |
_axvi, 535 p. : _bill. : _c6 Cm |
||
| 526 |
_a0 _b0 _c0 _d624_150000000000000_JAC |
||
| 650 |
_aMCE _9379 |
||
| 942 |
_2ddc _cBK |
||
| 999 |
_c546294 _d546294 |
||